书目信息 |
| 题名: |
登科记考
|
|
| 作者: | 徐松 撰 | |
| 分册: | 中册 | |
| 出版信息: | 北京 中华书局 1984.08 |
|
| 页数: | 423页-889页 | |
| 开本: | 21cm | |
| 丛书名: | ||
| 单 册: | ||
| 中图分类: | D691.3 | |
| 科图分类: | ||
| 主题词: | 选举制度--中国,1911年以前 | |
| 电子资源: | ||
| ISBN: | ||
| 000 | 00555nam0 2200205 45 | |
| 001 | 0306191416 | |
| 005 | 20050622113438.2 | |
| 010 | @dCNY4.70 | |
| 091 | @a11018.1255 | |
| 100 | @a20030619d1984 km y0chiy0120 ea | |
| 101 | 0 | @achi |
| 105 | @a z 000yy | |
| 200 | 1 | @a登科记考@ADeng Ke Ji Kao@h中册@f(清)徐松撰@F(Qing)Xu Song Zhuan |
| 210 | @a北京@c中华书局@d1984.08 | |
| 215 | @a423页-889页@d21cm | |
| 606 | 0 | @a选举制度@x中国,1911年以前 |
| 690 | @aD691.3@v3 | |
| 701 | 0 | @a徐松@4撰 |
| 801 | @aCN@bTSTC@c20030619 | |
| 905 | @dD691.3@e13:2@f1@b131950 | |
| 登科记考.中册/(清)徐松撰.-北京:中华书局,1984.08 |
| 423页-889页;21cm |
| ISBN :CNY4.70 |
| ● |
| 相关链接 |
|
|
|
|
正题名:登科记考
索取号:D691.3/13:2
 
预约/预借
| 序号 | 登录号 | 条形码 | 馆藏地/架位号 | 状态 | 备注 |
| 1 | 0131948 | 001803855 | 密集书库/ [索取号:D691.3/13:2] | 在馆 | |
| 2 | 0131949 | 001008947 | 第一借阅区/ [索取号:D691.3/13:2] | 在馆 | |
| 3 | 0131950 | 001008938 | 第一样本阅览室/ [索取号:D691.3/13:2] | 在馆 |